South Asia consultations on achieving the goals of the 1990s for children development (Record no. 4737)
[ view plain ]
| 000 -LEADER | |
|---|---|
| fixed length control field | 00530nam a22001697a 4500 |
| 005 - DATE AND TIME OF LATEST TRANSACTION | |
| control field | 20240319113937.0 |
| 008 - FIXED-LENGTH DATA ELEMENTS--GENERAL INFORMATION | |
| fixed length control field | 240211b |||||||| |||| 00| 0 eng d |
| 020 ## - ISBN | |
| ISBN | 9280620088 |
| 082 ## - DEWEY DECIMAL CLASSIFICATION NUMBER | |
| Classification number | 362.795 |
| Item number | SOU |
| 942 ## - ADDED ENTRY ELEMENTS (KOHA) | |
| Item Type | Books |
| 700 ## - ADDED ENTRY--PERSONAL NAME | |
| Personal name | Matthai, Thomas P. |
| Relator Term | editor |
| 245 ## - TITLE STATEMENT | |
| Title | South Asia consultations on achieving the goals of the 1990s for children development |
| 260 ## - PUBLICATION, DISTRIBUTION, ETC. (IMPRINT) | |
| Name of Publisher | Tha UNICEF region of South Asia, |
| Date of Copyright | 1992 |
| 300 ## - PHYSICAL DESCRIPTION | |
| Extent | x., 86 p. |
| 650 ## - SUBJECT ADDED ENTRY--TOPICAL TERM | |
| Topical Term | CHILDREN WELFARE-South Asian countries |
| 650 ## - SUBJECT ADDED ENTRY--TOPICAL TERM | |
| Topical Term | Social welfare services |
| Withdrawn status | Lost status | Damaged status | Not for loan | Permanent location | Current location | Date acquired | Total Checkouts | Full call number | Barcode | Date last seen | Price effective from | Koha item type |
|---|---|---|---|---|---|---|---|---|---|---|---|---|
| Resource center, Muslim Women's Research And Action Forum | Resource center, Muslim Women's Research And Action Forum | 2024-02-11 | 362.795 SOU | RAF5007 | 2024-02-11 | 2024-02-11 | Reports |

